| 000 | 00725nam a22002537a 4500 | ||
|---|---|---|---|
| 003 | CHAP | ||
| 005 | 20220329134902.0 | ||
| 008 | 971013s1971 r 00010 d | ||
| 010 | _a27491 | ||
| 011 | _a28463 | ||
| 035 | _a32567 | ||
| 040 | _cCHAP | ||
| 090 | _aFolleto 8281 | ||
| 110 |
_aINIA. México. Campo Agrícola Experimental Cotaxtla _958484 |
||
| 245 | _aDemostración especial para productores de mango | ||
| 260 |
_aCotaxtla, Ver. : _bEl Instituto, _c1971 |
||
| 300 | _a16 h | ||
| 590 |
_aBATCH-UPD _b10 _c20130110 _lUCH01 _h1052 |
||
| 590 |
_aCONVERSION _b10 _c20130109 _lUCH01 _h1316 |
||
| 650 | 1 | 4 |
_aMango. _970395 |
| 901 | _aBK | ||
| 942 | _cFOLL | ||
| 949 |
_aFolleto 8281 _bBC _cFOLL _d-75871 _eTS1 _i32567 _si |
||
| 999 |
_c27491 _d27491 |
||